000
00480nam a2200169Ia 4500
008
090711s9999 xx 000 0 und d
082
_b
4041
100
_a
पवार शरद
245
_a
पहाट झाली
260
_b
युगवाणी प्रकाशन
_c
1951
300
_a
61
600
_a
पवार शरद
630
_a
पहाट झाली
700
_a
पवार शरद
730
_a
पहाट झाली
942
_c
BOOK
999
_c
287476
_d
287476